000 00958cam a22003377a 4500
003 CHAP
005 20220817040917.0
008 971013s1985 r 00010 d
010 _a2565
011 _a3537
035 _a2738
040 _cCHAP
082 _a634.9734
_bF36
110 2 _aFAO
245 1 4 _aThe ecological effects of Eucalyptus
260 _aRome :
_bFAO,
_c1985
300 _a88 p.
_b: ilus
490 0 _aFAO. Montes
_v; 59
590 _aBATCH-UPD
_b10
_c20130110
_lUCH01
_h0847
590 _aBATCH-UPD
_b10
_c20130410
_lUCH01
_h0520
590 _aBATCH-UPD
_b10
_c20130914
_lUCH01
_h1251
590 _aCONVERSION
_b10
_c20130109
_lUCH01
_h1303
650 1 4 _aEcologĂ­a forestal.
_935176
650 1 4 _aEucalipto.
700 0 _aFries, C.
_943311
700 0 _aPoore, M. E. D.
_990870
830 0 _aFAO. Montes
_v; 59
_939632
901 _aBK
942 _cLIBRO
949 _a634.9734 F36
_bBC
_cFAO
_d-12244
_eFAO1
_gI. c/e
_h79577
_i2738
_si
_t39.90
999 _c2565
_d2565